Iaslic bulletin / (Record no. 137165)

MARC details
000 -LEADER
fixed length control field 00559nam a2200205 4500
010 ## - LIBRARY OF CONGRESS CONTROL NUMBER
LC control number 437057
020 ## - INTERNATIONAL STANDARD BOOK NUMBER
Terms of availability 30.00
035 ## - SYSTEM CONTROL NUMBER
System control number 437057
037 ## - SOURCE OF ACQUISITION
Source of stock number/acquisition Cen Lib / Ret
040 ## - CATALOGING SOURCE
Original cataloging agency DPL
Language of cataloging EN
082 ## - DEWEY DECIMAL CLASSIFICATION NUMBER
Classification number 020.5
Item number IAS
110 ## - MAIN ENTRY--CORPORATE NAME
Subordinate unit Iaslic
245 ## - TITLE STATEMENT
Title Iaslic bulletin /
260 ## - PUBLICATION, DISTRIBUTION, ETC. (IMPRINT)
Place of publication, distribution, etc Calcutta
Name of publisher, distributor, etc IASLIC
Date of publication, distribution, etc 1965
270 ## - ADDRESS
Address A. K. Mukherjee, Hony General Secretary IASLIC
City Calcutta
300 ## - PHYSICAL DESCRIPTION
Extent v 10 n 1-4. 269p ;
Dimensions 25cm(Hb)
650 ## - SUBJECT ADDED ENTRY--TOPICAL TERM
Topical term or geographic name as entry element Library science
650 ## - SUBJECT ADDED ENTRY--TOPICAL TERM
Topical term or geographic name as entry element Library information serivces
942 ## - ADDED ENTRY ELEMENTS (KOHA)
Source of classification or shelving scheme Dewey Decimal Classification
Koha item type English Books
Classification part 020.5
Call number suffix IAS
Holdings
Withdrawn status Lost status Materials specified (bound volume or other part) Damaged status Not for loan Home library Current library Date acquired Source of acquisition Cost, normal purchase price Total Checkouts Full call number Barcode Date last seen Copy number Cost, replacement price Price effective from Koha item type Public note
Written off   v 10 n 1-4     Central Library Central Library 21/03/2016 Cen Lib/Ret 30.00   020.5 IAS 437057 21/03/2016 1 30.00 21/03/2016 English Books W/d list no. 6809/1

© Delhi Public Library
Hit Counter
free hit counter